| 000 | 00554nam a2200193Ia 4500 | ||
|---|---|---|---|
| 001 | 12808 | ||
| 003 | GE_BSU | ||
| 008 | 181216s||||||||xx |||||||||||||| ||und|| | ||
| 040 | _cGE_BSU | ||
| 080 | _a63:54(035) | ||
| 100 | _aЗабазный,П.А. Буряков,Ю.П. Карцев,Ю.Г. и др. | ||
| 245 | _aКраткий справочник агронома | ||
| 260 | _aМосква | ||
| 260 | _bКолос | ||
| 260 | _c1983 | ||
| 300 | _a320стр.20см. | ||
| 653 | _aКраткий справочник агронома | ||
| 942 | _cBK | ||
| 999 |
_c45979 _d45979 |
||